<?xml version="1.0" encoding="UTF-8"?>
<record
    xmlns:xsi="http://www.w3.org/2001/XMLSchema-instance"
    xsi:schemaLocation="http://www.loc.gov/MARC21/slim http://www.loc.gov/standards/marcxml/schema/MARC21slim.xsd"
    xmlns="http://www.loc.gov/MARC21/slim">

  <leader>00921nam a22002057a 4500</leader>
  <datafield tag="999" ind1=" " ind2=" ">
    <subfield code="c">1549</subfield>
    <subfield code="d">1549</subfield>
  </datafield>
  <controlfield tag="003">DO-SdBHA</controlfield>
  <controlfield tag="005">20210127183136.0</controlfield>
  <controlfield tag="008">170926b        xxu||||| |||| 00| 0 esp d</controlfield>
  <datafield tag="020" ind1=" " ind2=" ">
    <subfield code="a">978-9945-8835-7-2</subfield>
  </datafield>
  <datafield tag="040" ind1=" " ind2=" ">
    <subfield code="c">DO-SdBHA</subfield>
    <subfield code="a">DO-SdBHA</subfield>
    <subfield code="b">spa</subfield>
  </datafield>
  <datafield tag="082" ind1=" " ind2=" ">
    <subfield code="a">RD 972.9 B742c 2012</subfield>
  </datafield>
  <datafield tag="100" ind1="1" ind2=" ">
    <subfield code="a">Bosch, Juan </subfield>
  </datafield>
  <datafield tag="245" ind1="1" ind2="0">
    <subfield code="a">De Crist&#xF3;bal Col&#xF3;n a Fidel Castro el Caribe frontera imperial / </subfield>
    <subfield code="c">Juan Bosch</subfield>
  </datafield>
  <datafield tag="260" ind1=" " ind2=" ">
    <subfield code="a">Santo Domingo :</subfield>
    <subfield code="b">Ediciones Fundaci&#xF3;n Juan Bosch,</subfield>
    <subfield code="c"> 2012</subfield>
  </datafield>
  <datafield tag="300" ind1=" " ind2=" ">
    <subfield code="a">923 p&#xE1;ginas</subfield>
  </datafield>
  <datafield tag="490" ind1=" " ind2=" ">
    <subfield code="a">Colecci&#xF3;n Bosch para Todos </subfield>
  </datafield>
  <datafield tag="505" ind1=" " ind2=" ">
    <subfield code="a">	
Este es uno de los textos m&#xE1;s notables escritos en la regi&#xF3;n, catalogada por Gabriel Garc&#xED;a M&#xE1;rquez como &amp;quot;obra monumental&amp;quot;. Descubre los acontecimientos que han marcado el desarrollo del Caribe desde su descubrimiento hasta los primeros a&#xF1;os de la Revoluci&#xF3;n Cubana.</subfield>
  </datafield>
  <datafield tag="650" ind1=" " ind2="7">
    <subfield code="a">Indias occidentales -- Historia</subfield>
    <subfield code="2">Sears</subfield>
  </datafield>
  <datafield tag="942" ind1=" " ind2=" ">
    <subfield code="2">ddc</subfield>
    <subfield code="c">BK</subfield>
    <subfield code="z">3</subfield>
  </datafield>
  <datafield tag="952" ind1=" " ind2=" ">
    <subfield code="0">0</subfield>
    <subfield code="1">0</subfield>
    <subfield code="2">ddc</subfield>
    <subfield code="4">0</subfield>
    <subfield code="7">0</subfield>
    <subfield code="8">RD</subfield>
    <subfield code="a">BJHA</subfield>
    <subfield code="b">BJHA</subfield>
    <subfield code="c">GEN</subfield>
    <subfield code="d">2017-09-26</subfield>
    <subfield code="i">16-00831</subfield>
    <subfield code="l">0</subfield>
    <subfield code="o">RD 972.9 B742c 2012</subfield>
    <subfield code="p">16-00831</subfield>
    <subfield code="r">2018-10-06 00:00:00</subfield>
    <subfield code="t">Ej.1</subfield>
    <subfield code="w">2017-09-26</subfield>
    <subfield code="y">BK</subfield>
  </datafield>
  <datafield tag="952" ind1=" " ind2=" ">
    <subfield code="0">0</subfield>
    <subfield code="1">0</subfield>
    <subfield code="2">ddc</subfield>
    <subfield code="4">0</subfield>
    <subfield code="7">0</subfield>
    <subfield code="8">RD</subfield>
    <subfield code="a">BJHA</subfield>
    <subfield code="b">BJHA</subfield>
    <subfield code="c">GEN</subfield>
    <subfield code="d">2017-09-26</subfield>
    <subfield code="i">16-00832</subfield>
    <subfield code="l">0</subfield>
    <subfield code="o">RD 972.9 B742c 2012</subfield>
    <subfield code="p">16-00832</subfield>
    <subfield code="r">2018-10-06 00:00:00</subfield>
    <subfield code="t">Ej.2</subfield>
    <subfield code="w">2017-09-26</subfield>
    <subfield code="y">BK</subfield>
  </datafield>
  <datafield tag="952" ind1=" " ind2=" ">
    <subfield code="0">0</subfield>
    <subfield code="1">0</subfield>
    <subfield code="2">ddc</subfield>
    <subfield code="4">0</subfield>
    <subfield code="7">0</subfield>
    <subfield code="8">RD</subfield>
    <subfield code="a">BJHA</subfield>
    <subfield code="b">BJHA</subfield>
    <subfield code="c">GEN</subfield>
    <subfield code="d">2017-09-26</subfield>
    <subfield code="i">16-00833</subfield>
    <subfield code="l">0</subfield>
    <subfield code="o">RD 972.9 B742c 2012</subfield>
    <subfield code="p">16-00833</subfield>
    <subfield code="r">2018-10-06 00:00:00</subfield>
    <subfield code="t">Ej.3</subfield>
    <subfield code="w">2017-09-26</subfield>
    <subfield code="y">BK</subfield>
  </datafield>
  <datafield tag="952" ind1=" " ind2=" ">
    <subfield code="0">0</subfield>
    <subfield code="1">0</subfield>
    <subfield code="2">ddc</subfield>
    <subfield code="4">0</subfield>
    <subfield code="7">0</subfield>
    <subfield code="8">RD</subfield>
    <subfield code="a">BJHA</subfield>
    <subfield code="b">BJHA</subfield>
    <subfield code="c">GEN</subfield>
    <subfield code="d">2017-09-26</subfield>
    <subfield code="i">16-00834</subfield>
    <subfield code="l">0</subfield>
    <subfield code="o">RD 972.9 B742c 2012</subfield>
    <subfield code="p">16-00834</subfield>
    <subfield code="r">2018-10-06 00:00:00</subfield>
    <subfield code="t">Ej.4</subfield>
    <subfield code="w">2017-09-26</subfield>
    <subfield code="y">BK</subfield>
  </datafield>
  <datafield tag="952" ind1=" " ind2=" ">
    <subfield code="0">0</subfield>
    <subfield code="1">0</subfield>
    <subfield code="2">ddc</subfield>
    <subfield code="4">0</subfield>
    <subfield code="7">0</subfield>
    <subfield code="8">RD</subfield>
    <subfield code="a">BJHA</subfield>
    <subfield code="b">BJHA</subfield>
    <subfield code="c">GEN</subfield>
    <subfield code="d">2017-09-26</subfield>
    <subfield code="i">16-00835</subfield>
    <subfield code="l">0</subfield>
    <subfield code="o">RD 972.9 B742c 2012</subfield>
    <subfield code="p">16-00835</subfield>
    <subfield code="r">2018-10-06 00:00:00</subfield>
    <subfield code="t">Ej.5</subfield>
    <subfield code="w">2017-09-26</subfield>
    <subfield code="y">BK</subfield>
  </datafield>
  <datafield tag="952" ind1=" " ind2=" ">
    <subfield code="0">0</subfield>
    <subfield code="1">0</subfield>
    <subfield code="2">ddc</subfield>
    <subfield code="4">0</subfield>
    <subfield code="7">0</subfield>
    <subfield code="8">RD</subfield>
    <subfield code="a">BJHA</subfield>
    <subfield code="b">BJHA</subfield>
    <subfield code="c">GEN</subfield>
    <subfield code="d">2017-09-26</subfield>
    <subfield code="i">16-00836</subfield>
    <subfield code="l">0</subfield>
    <subfield code="o">RD 972.9 B742c 2012</subfield>
    <subfield code="p">16-00836</subfield>
    <subfield code="r">2018-10-06 00:00:00</subfield>
    <subfield code="t">Ej.6</subfield>
    <subfield code="w">2017-09-26</subfield>
    <subfield code="y">BK</subfield>
  </datafield>
  <datafield tag="952" ind1=" " ind2=" ">
    <subfield code="0">0</subfield>
    <subfield code="1">0</subfield>
    <subfield code="2">ddc</subfield>
    <subfield code="4">0</subfield>
    <subfield code="7">0</subfield>
    <subfield code="8">RD</subfield>
    <subfield code="a">BJHA</subfield>
    <subfield code="b">BJHA</subfield>
    <subfield code="c">GEN</subfield>
    <subfield code="d">2017-09-26</subfield>
    <subfield code="i">16-00837</subfield>
    <subfield code="l">0</subfield>
    <subfield code="o">RD 972.9 B742c 2012</subfield>
    <subfield code="p">16-00837</subfield>
    <subfield code="r">2018-10-06 00:00:00</subfield>
    <subfield code="t">Ej.7</subfield>
    <subfield code="w">2017-09-26</subfield>
    <subfield code="y">BK</subfield>
  </datafield>
  <datafield tag="952" ind1=" " ind2=" ">
    <subfield code="0">0</subfield>
    <subfield code="1">0</subfield>
    <subfield code="2">ddc</subfield>
    <subfield code="4">0</subfield>
    <subfield code="7">0</subfield>
    <subfield code="8">RD</subfield>
    <subfield code="a">BJHA</subfield>
    <subfield code="b">BJHA</subfield>
    <subfield code="c">GEN</subfield>
    <subfield code="d">2018-01-09</subfield>
    <subfield code="i">17-001312</subfield>
    <subfield code="l">0</subfield>
    <subfield code="o">RD 972.9 B742c 2012</subfield>
    <subfield code="p">17-001312</subfield>
    <subfield code="r">2018-10-06 00:00:00</subfield>
    <subfield code="t">Ej.8</subfield>
    <subfield code="w">2018-01-09</subfield>
    <subfield code="y">BK</subfield>
  </datafield>
  <datafield tag="952" ind1=" " ind2=" ">
    <subfield code="0">0</subfield>
    <subfield code="1">0</subfield>
    <subfield code="2">ddc</subfield>
    <subfield code="4">0</subfield>
    <subfield code="7">0</subfield>
    <subfield code="8">RD</subfield>
    <subfield code="a">BJHA</subfield>
    <subfield code="b">BJHA</subfield>
    <subfield code="c">GEN</subfield>
    <subfield code="d">2018-01-09</subfield>
    <subfield code="i">17-001313</subfield>
    <subfield code="l">0</subfield>
    <subfield code="o">RD 972.9 B742c 2012</subfield>
    <subfield code="p">17-001313</subfield>
    <subfield code="r">2018-10-06 00:00:00</subfield>
    <subfield code="t">Ej.9</subfield>
    <subfield code="w">2018-01-09</subfield>
    <subfield code="y">BK</subfield>
  </datafield>
  <datafield tag="952" ind1=" " ind2=" ">
    <subfield code="0">0</subfield>
    <subfield code="1">0</subfield>
    <subfield code="2">ddc</subfield>
    <subfield code="4">0</subfield>
    <subfield code="7">0</subfield>
    <subfield code="8">RD</subfield>
    <subfield code="a">BJHA</subfield>
    <subfield code="b">BJHA</subfield>
    <subfield code="c">GEN</subfield>
    <subfield code="d">2018-01-09</subfield>
    <subfield code="i">17-001314</subfield>
    <subfield code="l">0</subfield>
    <subfield code="o">RD 972.9 B742c 2012</subfield>
    <subfield code="p">17-001314</subfield>
    <subfield code="r">2018-10-06 00:00:00</subfield>
    <subfield code="t">Ej.10</subfield>
    <subfield code="w">2018-01-09</subfield>
    <subfield code="y">BK</subfield>
  </datafield>
  <datafield tag="952" ind1=" " ind2=" ">
    <subfield code="0">0</subfield>
    <subfield code="1">0</subfield>
    <subfield code="2">ddc</subfield>
    <subfield code="4">0</subfield>
    <subfield code="7">0</subfield>
    <subfield code="8">RD</subfield>
    <subfield code="a">BJHA</subfield>
    <subfield code="b">BJHA</subfield>
    <subfield code="c">GEN</subfield>
    <subfield code="d">2018-01-09</subfield>
    <subfield code="i">17-001315</subfield>
    <subfield code="l">0</subfield>
    <subfield code="o">RD 972.9 B742c 2012</subfield>
    <subfield code="p">17-001315</subfield>
    <subfield code="r">2018-10-06 00:00:00</subfield>
    <subfield code="t">Ej.11</subfield>
    <subfield code="w">2018-01-09</subfield>
    <subfield code="y">BK</subfield>
  </datafield>
  <datafield tag="952" ind1=" " ind2=" ">
    <subfield code="0">0</subfield>
    <subfield code="1">0</subfield>
    <subfield code="2">ddc</subfield>
    <subfield code="4">0</subfield>
    <subfield code="7">0</subfield>
    <subfield code="8">RD</subfield>
    <subfield code="a">BJHA</subfield>
    <subfield code="b">BJHA</subfield>
    <subfield code="c">GEN</subfield>
    <subfield code="d">2019-11-11</subfield>
    <subfield code="i">19-02409</subfield>
    <subfield code="l">0</subfield>
    <subfield code="o">RD 972.9 B742c 2012</subfield>
    <subfield code="p">19-02409</subfield>
    <subfield code="r">2019-11-11 00:00:00</subfield>
    <subfield code="t">e.12</subfield>
    <subfield code="w">2019-11-11</subfield>
    <subfield code="y">BK</subfield>
  </datafield>
</record>
